| 000 | 01184nam a2200373 a 4500 | ||
|---|---|---|---|
| 999 |
_c4992 _d4992 |
||
| 001 | 4992 | ||
| 003 | BD-JhCC | ||
| 005 | 20220825134021.0 | ||
| 008 | 030508r20031860enk b 000 1 eng | ||
| 020 | _a0141439610 | ||
| 035 | _a(BD-JhCC)4992 | ||
| 040 |
_aDLC _cDLC _dDLC |
||
| 041 | _aeng | ||
| 050 | 0 | 0 |
_aPR4494 _b.W5 2003 |
| 082 | 0 | 4 |
_a823/.8 _221 _bCOL 2003 |
| 100 | 1 |
_aCollins, Wilkie, _d1824-1889. |
|
| 245 | 1 | 4 |
_aThe woman in white / _cWilkie Collins ; edited with an introduction and notes by Matthew Sweet. |
| 260 |
_aLondon ; _aNew York : _bPenguin Books, _c[2003] |
||
| 300 |
_axxxviii, 671 p. ; _c20 cm. |
||
| 440 | 0 | _aPenguin classics | |
| 504 | _aIncludes bibliographical references (p. xxxv-xxxvii). | ||
| 650 | 0 |
_aPsychiatric hospital patients _vFiction. |
|
| 650 | 0 |
_aInheritance and succession _vFiction. |
|
| 650 | 0 |
_aCountry homes _vFiction. |
|
| 650 | 0 |
_aArt teachers _vFiction. |
|
| 650 | 0 |
_aDeception _vFiction. |
|
| 650 | 0 |
_aNobility _vFiction. |
|
| 651 | 0 |
_aEngland _vFiction. |
|
| 655 | 7 |
_aPsychological fiction. _2lcsh |
|
| 655 | 7 |
_aGothic fiction. _2gsafd |
|
| 655 | 7 |
_aLove stories. _2gsafd |
|
| 700 | 1 | _aSweet, Matthew. | |
| 942 |
_2ddc _cBK _03 |
||